000
00323nam a2200133 a 4500
005
20140414093844.0
008
090625s19uu xx uuu eng d
050
_a
VCD 791.43
_b
MON 2006
100
_a
Kenan, Gil
245
_a
Monster house /
_c
Gil Kenan.
650
_a
Motion pictures.
942
_c
AVM
999
_c
109463
_d
109463